| 000 | 00706nam a2200181 a 4500 | ||
|---|---|---|---|
| 008 | 070730s2007 ||||||||||||||||| || u | ||
| 020 | _a9781842778 | ||
| 020 | _a296 | ||
| 050 | _aCODESRIA(02) | ||
| 245 | 0 | 0 |
_aChana: one decade of the Liberal State _cEdited by Kwame Boafo-Arthur |
| 260 |
_aLondon _bZed Books _c2007 |
||
| 300 | _axi, 303p.:ill. | ||
| 350 | _a0.00 | ||
| 490 | _aCODESRIA Book series | ||
| 650 | 0 | _aAFRICA--ECONOMIC CONDITIONS | |
| 650 | _aNATIONAL SECURITY--CHINA: DEMOCRACY--CHINA: HUMAN RIGHTS--CHINA | ||
| 995 |
_D0.00 _FCBU-MAIN LIBRARY (Kitwe) _H1 _I0.00 _M1 _UAVAILABLE _WJul 30, 2007 _ZInternational Publications |
||
| 999 |
_c37062 _d37062 |
||